00905nam a2200241 i 4500003000900000005001700009007000300026008004100029040003000070082001400100100004700114245007000161264004500231300002900276336002700305337003400332338002800366590002700394910001400421942001400435952019700449999001700646DO-SdBNP20240220094858.0ta240220s1969 dr a b 000 0 spa d aDO-SdBNPbspacBNPHUerda bV635t222 aVicioso Sánchez, Vitalia Virginia98388110aTeresita :balfabetizador dominicano /cVitalia Vicioso Sánchez 1aSanto Domingo :bTalleres Offset,c1969. a131 páginas, c22 cm. 2rdacontentatextobtxt 2rdamediaasin mediación bn 2rdacarrieravolumenbnc aInventariado, 2024/ YL aYLockward 2ddccLBS1 00102ddc51708CIJ-PDaBNPHUbBNPHUcCTd2014-12-01eBarbara Suncarl0oBNPHU CIJ-PD V635tp2024-1148r2024-02-20w2024-02-20yLBS1zPerteneció a la biblioteca personal de Bárbara Suncar c55976d55976